[Event "Ontario op U2100"]
[Site "Oakville CAN"]
[Date "2019.05.18"]
[Round "1.12"]
[White "Dela Torre, Marife O"]
[Black "Zheng, Kevin"]
[Result "0-1"]
[WhiteElo "2073"]
[BlackElo "1908"]
[PlyCount "72"]
[EventDate "2019.05.18"]
[EventType "swiss"]
[EventRounds "3"]
[EventCountry "CAN"]

1. e4 c5 2. Nf3 Nc6 3. Bb5 g6 4. Bxc6 bxc6 5. d3 Bg7 6. O-O e5 7. Re1 Ne7 8.
Be3 d6 9. b4 cxb4 10. d4 Bg4 11. Qd2 Bxf3 12. gxf3 a5 13. c3 Rb8 14. a3 b3 15.
a4 O-O 16. Ra3 f5 17. Bg5 Qd7 18. dxe5 Bxe5 19. f4 Bf6 20. Bxf6 Rxf6 21. e5 Re6
22. Rd1 c5 23. Qe3 Qc7 24. exd6 Rxd6 25. Re1 Nd5 26. Qe5 Nf6 27. Qe2 c4 28. Qf1
Rbd8 29. Ra1 Ne4 30. Na3 b2 31. Rab1 Nd2 32. Nb5 Qc6 33. Qe2 Nf3+ 34. Kf1 Nxh2+
35. Kg1 Nf3+ 36. Kf1 Nxe1 0-1

[Event "Ontario op U2100"]
[Site "Oakville CAN"]
[Date "2019.05.18"]
[Round "1.13"]
[White "Gao, Raymond"]
[Black "Lin, Benjamin"]
[Result "0-1"]
[WhiteElo "1853"]
[BlackElo "2059"]
[PlyCount "102"]
[EventDate "2019.05.18"]
[EventType "swiss"]
[EventRounds "3"]
[EventCountry "CAN"]

1. e4 c5 2. Nf3 e6 3. d4 cxd4 4. Nxd4 Nc6 5. Nc3 Qc7 6. Be3 a6 7. Qf3 Ne5 8.
Qg3 Nf6 9. O-O-O b5 10. f4 Neg4 11. e5 Nxe3 12. Qxe3 b4 13. exf6 bxc3 14. Qxc3
Qxf4+ 15. Kb1 Qxf6 16. Be2 Bb7 17. Rhf1 Qe5 18. Bf3 Rc8 19. Qd3 d5 20. Rde1 Qc7
21. Bh5 g6 22. Bxg6 hxg6 23. Nxe6 fxe6 24. Qxg6+ Kd8 25. Qf6+ Be7 26. Qxh8+ Kd7
27. Qh7 d4 28. Rf7 Qd6 29. Ref1 Re8 30. g4 Bg2 31. Re1 Rb8 32. b3 Bd5 33. Qd3
Qb4 34. Rd1 e5 35. Rf5 Bd6 36. g5 Rb5 37. Qd2 Qa3 38. Qc1 Be4 39. Qxa3 Bxa3 40.
Rf2 a5 41. h4 a4 42. h5 axb3 43. axb3 Rxb3+ 44. Ka2 Rh3 45. Rg1 Bd5+ 46. Kb1
Rxh5 47. g6 Rh8 48. c4 Bxc4 49. g7 Rb8+ 50. Ka1 Bb4 51. Rf8 Bc3# 0-1

[Event "Ontario op U2100"]
[Site "Oakville CAN"]
[Date "2019.05.18"]
[Round "1.14"]
[White "Casareno, Erwin"]
[Black "Milinkovic, Mate"]
[Result "1-0"]
[WhiteElo "2046"]
[BlackElo "1851"]
[PlyCount "47"]
[EventDate "2019.05.18"]
[EventType "swiss"]
[EventRounds "3"]
[EventCountry "CAN"]

1. d4 Nf6 2. c4 e6 3. Nf3 c5 4. d5 exd5 5. cxd5 d6 6. Nc3 g6 7. e4 Bg7 8. Bd3
O-O 9. O-O a6 10. a4 Bg4 11. h3 Bxf3 12. Qxf3 Nbd7 13. Bf4 Qc7 14. Qg3 Nh5 15.
Bxd6 Nxg3 16. Bxc7 Nxf1 17. Rxf1 Be5 18. d6 Rfe8 19. f4 Bxc3 20. bxc3 Kf8 21.
e5 Rec8 22. Be4 Ra7 23. a5 c4 24. Bd5 1-0

[Event "Ontario op U2100"]
[Site "Oakville CAN"]
[Date "2019.05.18"]
[Round "1.15"]
[White "Vlasov, John"]
[Black "England, Max"]
[Result "1/2-1/2"]
[WhiteElo "1817"]
[BlackElo "2046"]
[PlyCount "79"]
[EventDate "2019.05.18"]
[EventType "swiss"]
[EventRounds "3"]
[EventCountry "CAN"]

1. d4 Nf6 2. c4 e6 3. a3 d5 4. cxd5 exd5 5. Nf3 Bd6 6. Bg5 O-O 7. Nc3 c6 8. e3
Bf5 9. Bd3 Bxd3 10. Qxd3 Nbd7 11. O-O h6 12. Bh4 Qe8 13. Bg3 Bxg3 14. hxg3 Ne4
15. b4 Qe6 16. Rfc1 Rfc8 17. Rab1 b5 18. Nd2 Nxd2 19. Qxd2 Nb6 20. Qd3 f5 21.
a4 a6 22. axb5 axb5 23. Ra1 Nc4 24. Ne2 Qe4 25. Qc3 g5 26. Rxa8 Rxa8 27. Ra1
Ra4 28. Qe1 Qd3 29. Nc3 Rxa1 30. Qxa1 Kh7 31. Qa7+ Kg6 32. Qd7 Kh5 33. Qe8+ Kg4
34. Kh2 Nd2 35. Qxc6 Nf1+ 36. Kg1 Nxg3 37. Kh2 Nf1+ 38. Kg1 Ng3 39. Kh2 Nf1+
40. Kg1 1/2-1/2

[Event "Ontario op U2100"]
[Site "Oakville CAN"]
[Date "2019.05.18"]
[Round "1.16"]
[White "Fernando, Ronald"]
[Black "Dong, Yiwei"]
[Result "1/2-1/2"]
[WhiteElo "2037"]
[BlackElo "1802"]
[PlyCount "131"]
[EventDate "2019.05.18"]
[EventType "swiss"]
[EventRounds "3"]
[EventCountry "CAN"]

1. e4 e6 2. Qe2 c5 3. f4 Nc6 4. Nf3 Be7 5. d3 Nf6 6. g3 d5 7. e5 Nd7 8. c3 b6
9. Bh3 Qc7 10. O-O Ba6 11. Re1 Nf8 12. Nbd2 Rd8 13. Nf1 d4 14. c4 Bb7 15. Rd1
h5 16. N1d2 Ng6 17. Ne4 h4 18. g4 a6 19. Rf1 b5 20. b3 Rb8 21. Nfg5 Bxg5 22.
Nxg5 Nce7 23. Ne4 Bxe4 24. Qxe4 Qc6 25. Qe1 Qc7 26. Bd2 Nc6 27. Rc1 b4 28. Qe4
Nge7 29. Rfe1 Nd8 30. Re2 Qc6 31. Bg2 h3 32. Qxc6+ Nexc6 33. Bf3 g6 34. Be1 Kd7
35. Bg3 a5 36. Rf2 Ne7 37. Be4 Ndc6 38. Rcf1 Rbf8 39. Rf3 a4 40. Rb1 axb3 41.
axb3 Ra8 42. Rf2 Ra3 43. f5 gxf5 44. gxf5 Rg8 45. Kf1 Na5 46. fxe6+ Kxe6 47.
Rf6+ Kd7 48. Rxf7 Nxb3 49. Rd1 Ke8 50. Rh7 Ra2 51. Bh4 Ng6 52. Bc6+ Kf8 53. e6
Rg7 54. Rxg7 Kxg7 55. e7 Nxe7 56. Bxe7 Rxh2 57. Kg1 Re2 58. Bg5 Kg6 59. Bf4 Kf5
60. Bd6 Nd2 61. Bd5 Kg4 62. Kh1 b3 63. Rg1+ Kf5 64. Bxc5 b2 65. Bxd4 b1=Q 66.
Be4+ 1/2-1/2

[Event "Ontario op U2100"]
[Site "Oakville CAN"]
[Date "2019.05.18"]
[Round "1.17"]
[White "Xie, Austin"]
[Black "Brajkovic, Nikola"]
[Result "1-0"]
[WhiteElo "1800"]
[BlackElo "2030"]
[PlyCount "85"]
[EventDate "2019.05.18"]
[EventType "swiss"]
[EventRounds "3"]
[EventCountry "CAN"]

1. e4 g6 2. d4 Bg7 3. Nc3 d6 4. Bc4 Nf6 5. Nf3 O-O 6. O-O Bg4 7. h3 Bxf3 8.
Qxf3 Nc6 9. Ne2 e5 10. c3 Qe8 11. Bg5 Nd7 12. Qd3 Kh8 13. f3 f6 14. Be3 Rd8 15.
g4 Nb6 16. Bb3 d5 17. Ng3 Qe7 18. Rad1 exd4 19. cxd4 Nb4 20. Qc3 c6 21. h4 Na6
22. h5 Rfe8 23. Rf2 Qd6 24. f4 Qd7 25. hxg6 Qxg4 26. Kg2 Qxg6 27. f5 Qf7 28.
Rh1 Bf8 29. Rf4 Bb4 30. Qc2 Rg8 31. Rfh4 Rg7 32. Bh6 Rdg8 33. Bxg7+ Rxg7 34.
Qe2 Nc7 35. e5 Ne8 36. Rh6 Bf8 37. Kf2 Be7 38. Nh5 Rg5 39. Nf4 Rg7 40. e6 Qg8
41. Qh5 Nd6 42. Ng6+ Rxg6 43. Rxh7+ 1-0

[Event "Ontario op U2100"]
[Site "Oakville CAN"]
[Date "2019.05.18"]
[Round "1.18"]
[White "He, Emma"]
[Black "Hua, Michelle"]
[Result "1-0"]
[WhiteElo "1992"]
[BlackElo "1792"]
[PlyCount "97"]
[EventDate "2019.05.18"]
[EventType "swiss"]
[EventRounds "3"]
[EventCountry "CAN"]

1. e4 c5 2. Nf3 d6 3. c3 Nf6 4. h3 g6 5. Bd3 Bg7 6. Bc2 O-O 7. d4 cxd4 8. cxd4
Nc6 9. Nc3 Bd7 10. O-O a6 11. a4 Nb4 12. Rb1 a5 13. Bd2 b6 14. Nb5 Na6 15. Bd3
Nc7 16. Rc1 Nxb5 17. axb5 Rc8 18. Qa4 Rxc1 19. Rxc1 Qb8 20. d5 Rc8 21. Nd4
Rxc1+ 22. Bxc1 Qc7 23. Nc6 Bc8 24. b4 axb4 25. Qxb4 Bf8 26. Qc4 Bb7 27. Bb2 Bg7
28. Bd4 h6 29. f4 Kh7 30. e5 dxe5 31. fxe5 Ne8 32. Qc3 h5 33. Qc2 Kg8 34. Qf2
Bxc6 35. dxc6 Bxe5 36. Bxe5 Qxe5 37. Qxb6 Qe1+ 38. Bf1 Nd6 39. c7 Kg7 40. Qc5
Qe6 41. b6 Qc8 42. Qe5+ Kg8 43. Qxe7 Nb7 44. Ba6 Kg7 45. Qe5+ Kh7 46. Qf6 Kg8
47. Bxb7 Qxb7 48. Qd8+ Kh7 49. c8=Q 1-0

[Event "Ontario op U2100"]
[Site "Oakville CAN"]
[Date "2019.05.18"]
[Round "1.21"]
[White "Gilani, Mysha"]
[Black "Bergeron, Matthew"]
[Result "0-1"]
[WhiteElo "1763"]
[BlackElo "1971"]
[PlyCount "86"]
[EventDate "2019.05.18"]
[EventType "swiss"]
[EventRounds "3"]
[EventCountry "CAN"]

1. d4 Nf6 2. c4 e6 3. Nc3 Bb4 4. e3 O-O 5. Bd3 d5 6. cxd5 exd5 7. Nge2 Re8 8.
O-O c6 9. Qc2 Nbd7 10. f3 c5 11. a3 cxd4 12. Nxd4 Bxc3 13. Qxc3 Ne5 14. Bc2 Bd7
15. Nf5 Rc8 16. Qb3 Qc7 17. Nd4 Nc4 18. Bd3 Qc5 19. Bxc4 dxc4 20. Qd1 Rcd8 21.
Bd2 Bf5 22. Rc1 Bd3 23. Bb4 Qg5 24. f4 Qh4 25. Be1 Qg4 26. Rf3 Rxd4 27. h3 Qg6
28. Rg3 Qe4 29. exd4 Qxd4+ 30. Bf2 Qxf4 31. Rf3 Qh6 32. Rc3 Ne4 33. Qa4 Qe6 34.
Re3 f5 35. Qxa7 f4 36. Re1 Qc6 37. Rcc1 Rf8 38. Red1 Qg6 39. Qxb7 Nxf2 40. Kxf2
Be4 41. Qa7 Qxg2+ 42. Ke1 Re8 43. Rd7 Bb7+ 0-1

[Event "Ontario op U2100"]
[Site "Oakville CAN"]
[Date "2019.05.18"]
[Round "1.22"]
[White "Baylon, Glenda"]
[Black "McDonald, Mike"]
[Result "1/2-1/2"]
[WhiteElo "1954"]
[BlackElo "1750"]
[PlyCount "61"]
[EventDate "2019.05.18"]
[EventType "swiss"]
[EventRounds "3"]
[EventCountry "CAN"]

1. d4 Nf6 2. c4 e6 3. Nf3 d5 4. e3 c5 5. Nc3 Nc6 6. cxd5 exd5 7. dxc5 Bxc5 8.
Bb5 O-O 9. O-O a6 10. Bd3 Re8 11. h3 b5 12. a3 Bb7 13. b4 Bb6 14. Bb2 d4 15.
exd4 Nxd4 16. Nxd4 Bxd4 17. Qd2 Nh5 18. Rfd1 Be5 19. Bxh7+ Kh8 20. Qxd8 Raxd8
21. Bf5 Nf4 22. Rxd8 Rxd8 23. Re1 Bxc3 24. Bxc3 Bxg2 25. Kh2 Bd5 26. h4 Be6 27.
Bb1 Rd7 28. Rg1 f6 29. Re1 Kg8 30. Kg3 Nd5 31. Kh2 1/2-1/2

[Event "Ontario op U2100"]
[Site "Oakville CAN"]
[Date "2019.05.18"]
[Round "1.23"]
[White "Yuen, Noah"]
[Black "Bu, Kevin"]
[Result "0-1"]
[WhiteElo "1716"]
[BlackElo "1951"]
[PlyCount "70"]
[EventDate "2019.05.18"]
[EventType "swiss"]
[EventRounds "3"]
[EventCountry "CAN"]

1. d4 d5 2. c4 e6 3. Nc3 Be7 4. Nf3 Nf6 5. cxd5 exd5 6. Bg5 O-O 7. e3 c6 8. Bd3
Bg4 9. Qc2 h6 10. Bh4 Nbd7 11. h3 Be6 12. O-O Nb6 13. Ne5 Nfd7 14. Bxe7 Qxe7
15. Nxd7 Qxd7 16. Ne2 Nc4 17. Nf4 Nd6 18. Nxe6 Qxe6 19. Qe2 Rae8 20. Qg4 f5 21.
Qf4 Ne4 22. Rad1 Kh8 23. Bxe4 fxe4 24. Qc7 Rf7 25. Qa5 a6 26. b4 g5 27. a4 h5
28. b5 axb5 29. axb5 h4 30. bxc6 bxc6 31. Rd2 Rg8 32. Kh2 g4 33. Qa1 gxh3 34.
g3 Rgf8 35. gxh4 Qg4 0-1

[Event "Ontario op U2100"]
[Site "Oakville CAN"]
[Date "2019.05.18"]
[Round "1.24"]
[White "Momic, Jovan"]
[Black "Locham, Divjot"]
[Result "1-0"]
[WhiteElo "1926"]
[BlackElo "1685"]
[PlyCount "111"]
[EventDate "2019.05.18"]
[EventType "swiss"]
[EventRounds "3"]
[EventCountry "CAN"]

1. d4 d5 2. c4 dxc4 3. e3 Nf6 4. Bxc4 a6 5. a4 e6 6. Nf3 Nbd7 7. a5 Bb4+ 8. Bd2
Bxd2+ 9. Qxd2 Ne4 10. Qc2 Nd6 11. Bd3 Nf6 12. O-O h6 13. Nc3 Bd7 14. Ne5 O-O
15. Rfc1 Rc8 16. Qb3 c5 17. Nxd7 Nxd7 18. Qa3 Rc6 19. Ne4 Qc7 20. Nxc5 Nxc5 21.
dxc5 Nb5 22. Bxb5 axb5 23. b4 Rd8 24. Rd1 Qe7 25. Rd3 Qf6 26. Rad1 Ra8 27. Rd7
Rb8 28. Qd3 Rcc8 29. Qxb5 Rd8 30. h3 Rxd7 31. Qxd7 Qh4 32. Qc7 Re8 33. Qxb7 Qc4
34. a6 Qb3 35. Rf1 Qa4 36. a7 Kf8 37. b5 Qa5 38. c6 Re7 39. Qb8+ Re8 40. c7 Ke7
41. Qxe8+ Kxe8 42. c8=Q+ Ke7 43. a8=Q Qxb5 44. Qab7+ Qxb7 45. Qxb7+ Kf6 46. Kh2
Kg6 47. f4 f5 48. Rf3 Kf6 49. Rg3 g5 50. Qc7 gxf4 51. exf4 e5 52. fxe5+ Ke6 53.
Qd6+ Kf7 54. Qf6+ Ke8 55. Rg7 f4 56. Qe7# 1-0

[Event "Ontario op U2100"]
[Site "Oakville CAN"]
[Date "2019.05.18"]
[Round "2.12"]
[White "Lin, Benjamin"]
[Black "Momic, Jovan"]
[Result "1-0"]
[WhiteElo "2059"]
[BlackElo "1926"]
[PlyCount "101"]
[EventDate "2019.05.18"]
[EventType "swiss"]
[EventRounds "3"]
[EventCountry "CAN"]

1. d4 d5 2. c4 e6 3. Nf3 Nf6 4. Qc2 Nc6 5. e3 Nb4 6. Qd1 c5 7. a3 Nc6 8. dxc5
Bxc5 9. b4 Be7 10. Bb2 b6 11. cxd5 Qxd5 12. Qxd5 exd5 13. Bb5 Bd7 14. Nc3 O-O
15. Rd1 a6 16. Ba4 b5 17. Bb3 Be6 18. Nxd5 Nxd5 19. Bxd5 Bxd5 20. Rxd5 Nxb4 21.
axb4 Bxb4+ 22. Ke2 f6 23. Nd4 Rfc8 24. Rc1 Rxc1 25. Bxc1 Bc3 26. Bd2 Bxd2 27.
Kxd2 Rc8 28. Rd6 Ra8 29. Kc3 h5 30. Rc6 Kf7 31. Kb4 g5 32. Ka5 Kg6 33. Rxa6
Rxa6+ 34. Kxa6 b4 35. Kb5 b3 36. Nxb3 Kf5 37. Kc4 Ke4 38. Nc5+ Ke5 39. Kd3 f5
40. g3 f4 41. Ne4 Kf5 42. Nxg5 fxg3 43. hxg3 Kxg5 44. e4 Kg4 45. Ke3 h4 46.
gxh4 Kxh4 47. Kd4 Kg5 48. Ke5 Kg6 49. Ke6 Kg7 50. e5 Kf8 51. Kd7 1-0

[Event "Ontario op U2100"]
[Site "Oakville CAN"]
[Date "2019.05.18"]
[Round "2.13"]
[White "Bu, Kevin"]
[Black "Casareno, Erwin"]
[Result "1-0"]
[WhiteElo "1951"]
[BlackElo "2046"]
[PlyCount "71"]
[EventDate "2019.05.18"]
[EventType "swiss"]
[EventRounds "3"]
[EventCountry "CAN"]

1. d4 d5 2. Bf4 Nf6 3. e3 e6 4. Bd3 Bd6 5. Bg3 Bxg3 6. hxg3 Qd6 7. Nd2 e5 8.
dxe5 Qxe5 9. c3 c5 10. Ngf3 Qe7 11. Qc2 c4 12. Bf5 Nc6 13. O-O O-O 14. Nd4 Ne5
15. e4 g6 16. Bxc8 Raxc8 17. exd5 Nxd5 18. Rae1 Qg5 19. f4 Qxg3 20. Ne4 Nf3+
21. Nxf3 Qxf4 22. Nd4 Qc7 23. Nf6+ Nxf6 24. Rxf6 Rfe8 25. Rff1 a6 26. Qf2 Re7
27. Rxe7 Qxe7 28. Re1 Qd6 29. Qe3 b5 30. Qe7 Qb6 31. Rf1 Qc7 32. Rxf7 Qxe7 33.
Rxe7 Rb8 34. Re6 a5 35. Ra6 b4 36. Rxa5 1-0

[Event "Ontario op U2100"]
[Site "Oakville CAN"]
[Date "2019.05.18"]
[Round "2.14"]
[White "Zheng, Kevin"]
[Black "He, Emma"]
[Result "0-1"]
[WhiteElo "1908"]
[BlackElo "1992"]
[PlyCount "146"]
[EventDate "2019.05.18"]
[EventType "swiss"]
[EventRounds "3"]
[EventCountry "CAN"]

1. d4 d5 2. c4 e6 3. Nc3 Nf6 4. cxd5 exd5 5. Bg5 c6 6. e3 Be7 7. Bd3 Nbd7 8.
Nge2 h6 9. Bh4 Nh5 10. Bxe7 Qxe7 11. O-O Nhf6 12. Ng3 O-O 13. Rb1 b6 14. Re1 c5
15. e4 dxe4 16. Ncxe4 Qd8 17. Nd6 cxd4 18. Ngf5 Nd5 19. Qg4 Qg5 20. Qxg5 hxg5
21. Be4 N7f6 22. Ne7+ Nxe7 23. Bxa8 Be6 24. Bf3 g4 25. Be2 Rd8 26. Nb5 d3 27.
Rbd1 d2 28. Rf1 Bxa2 29. Ra1 Bb3 30. Rxa7 Nc6 31. Rc7 Nd4 32. Nxd4 Rxd4 33. Bd1
Bc4 34. Bc2 g6 35. Ra1 Ne4 36. Rc6 b5 37. f3 gxf3 38. gxf3 Ng5 39. Kf2 Ne6 40.
b3 Bd3 41. Rd1 Bxc2 42. Rxc2 Rd3 43. Rdxd2 Rxb3 44. Rd7 Ng5 45. h4 Nxf3 46.
Rcc7 Ne5 47. Re7 Ng4+ 48. Ke2 Nh6 49. Rb7 Rh3 50. Re4 Nf5 51. Rxb5 Ng3+ 52. Kf3
Nxe4+ 53. Kxe4 Rxh4+ 54. Kf3 Kg7 55. Rb7 g5 56. Kg3 Kg6 57. Ra7 Rb4 58. Ra3 f5
59. Kg2 g4 60. Kg3 Kg5 61. Ra5 Rb3+ 62. Kg2 Rd3 63. Rb5 Kf4 64. Rb4+ Ke3 65.
Kg3 Ke2+ 66. Kf4 Rf3+ 67. Kg5 g3 68. Rb2+ Kf1 69. Rb1+ Kf2 70. Rb2+ Kg1 71. Kh4
g2 72. Rb1+ Kh2 73. Rb2 Kh1 0-1

[Event "Ontario op U2100"]
[Site "Oakville CAN"]
[Date "2019.05.18"]
[Round "2.15"]
[White "Xie, Austin"]
[Black "Bui, Alan"]
[Result "0-1"]
[WhiteElo "1800"]
[BlackElo "1980"]
[PlyCount "70"]
[EventDate "2019.05.18"]
[EventType "swiss"]
[EventRounds "3"]
[EventCountry "CAN"]

1. e4 e5 2. Nf3 Nc6 3. Bc4 Nf6 4. d3 Bc5 5. c3 O-O 6. Nbd2 Re8 7. Nf1 d5 8.
exd5 Nxd5 9. Ng3 Nf4 10. O-O Be6 11. Nxe5 Nxe5 12. Bxf4 Nxc4 13. dxc4 Bxc4 14.
Re1 Qf6 15. Ne4 Bxf2+ 16. Nxf2 Qxf4 17. Qa4 b5 18. Rxe8+ Rxe8 19. Qxa7 Qd2 20.
Ne4 Qe2 21. Ng3 Qxb2 22. Rd1 Qxc3 23. a4 bxa4 24. Ne4 Qc2 25. Re1 Bb5 26. Qa5
Qc6 27. Qb4 Bd3 28. Ng5 Qb6+ 29. Kh1 Rxe1+ 30. Qxe1 Qb1 31. Qxb1 Bxb1 32. Nf3
c5 33. Nd2 Bd3 34. Kg1 c4 35. Kf2 a3 0-1

[Event "Ontario op U2100"]
[Site "Oakville CAN"]
[Date "2019.05.18"]
[Round "2.16"]
[White "Bergeron, Matthew"]
[Black "Samokysh, Yevhen"]
[Result "1-0"]
[WhiteElo "1971"]
[BlackElo "1787"]
[PlyCount "67"]
[EventDate "2019.05.18"]
[EventType "swiss"]
[EventRounds "3"]
[EventCountry "CAN"]

1. e4 c5 2. Nf3 Nc6 3. c4 e5 4. Nc3 Nf6 5. g3 Be7 6. Bg2 O-O 7. O-O d6 8. d3
Ne8 9. Nd5 Nc7 10. b3 Ne6 11. Be3 Ned4 12. Bxd4 cxd4 13. b4 Be6 14. Qb3 Qd7 15.
b5 Na5 16. Qa3 b6 17. Nxe7+ Qxe7 18. Nxe5 Qc7 19. Nf3 Qc5 20. Qb2 Rae8 21. Nxd4
Bd7 22. Nb3 Qb4 23. Rfb1 Nxc4 24. dxc4 Qxc4 25. Nd4 Qc5 26. Rc1 Qh5 27. Rc7 Bh3
28. Bxh3 Qxh3 29. Nf5 Re5 30. f4 Rxf5 31. exf5 Qxf5 32. Rac1 Re8 33. Qc2 Qxb5
34. Rc8 1-0

[Event "Ontario op U2100"]
[Site "Oakville CAN"]
[Date "2019.05.18"]
[Round "2.17"]
[White "Malakhovets, Sergey"]
[Black "Vlasov, John"]
[Result "1/2-1/2"]
[WhiteElo "2058"]
[BlackElo "1817"]
[PlyCount "66"]
[EventDate "2019.05.18"]
[EventType "swiss"]
[EventRounds "3"]
[EventCountry "CAN"]

1. d4 d5 2. Bf4 Nf6 3. e3 e6 4. Nf3 Be7 5. Nbd2 O-O 6. Bd3 c5 7. c3 b6 8. Ne5
Bb7 9. Qf3 Nbd7 10. Qh3 Re8 11. Ndf3 Ne4 12. Bb5 Nxe5 13. Nxe5 Rf8 14. f3 Nd6
15. Bd3 g6 16. O-O Bf6 17. Rad1 Qe7 18. g4 Bg5 19. Bxg5 Qxg5 20. f4 Qe7 21. g5
f5 22. gxf6 Rxf6 23. Rf3 Rc8 24. Qh4 Rc7 25. Rh3 Qg7 26. Kh1 Rf8 27. Qg4 Nf5
28. Rg1 Qf6 29. Bxf5 Qxf5 30. Qxf5 Rxf5 31. Rhg3 Ba6 32. Rg5 Be2 33. Rxf5 exf5
{...} 1/2-1/2

[Event "Ontario op U2100"]
[Site "Oakville CAN"]
[Date "2019.05.18"]
[Round "2.18"]
[White "England, Max"]
[Black "Baylon, Glenda"]
[Result "1-0"]
[WhiteElo "2046"]
[BlackElo "1954"]
[PlyCount "67"]
[EventDate "2019.05.18"]
[EventType "swiss"]
[EventRounds "3"]
[EventCountry "CAN"]

1. e4 c6 2. d4 d5 3. Nc3 dxe4 4. Nxe4 Bf5 5. Ng3 Bg6 6. h4 h5 7. Nf3 Nd7 8. Bd3
Bxd3 9. Qxd3 Ngf6 10. Bd2 Ng4 11. Ne4 Qc7 12. Qe2 e6 13. O-O-O O-O-O 14. Nfg5
Ndf6 15. f3 Nh6 16. c3 Nf5 17. g4 Nxe4 18. Nxe4 hxg4 19. fxg4 Nxh4 20. Bg5 Be7
21. Qf2 f5 22. Rxh4 Rxh4 23. Qxh4 Bxg5+ 24. Nxg5 Qf4+ 25. Kb1 fxg4 26. Re1 Qd2
27. Nxe6 Re8 28. a3 Qd3+ 29. Ka1 g3 30. Qf4 Rxe6 31. Rxe6 Qd1+ 32. Ka2 g2 33.
Re8+ Kd7 34. Qf7+ 1-0

[Event "Ontario op U2100"]
[Site "Oakville CAN"]
[Date "2019.05.18"]
[Round "2.19"]
[White "McDonald, Mike"]
[Black "Fernando, Ronald"]
[Result "0-1"]
[WhiteElo "1750"]
[BlackElo "2037"]
[PlyCount "108"]
[EventDate "2019.05.18"]
[EventType "swiss"]
[EventRounds "3"]
[EventCountry "CAN"]

1. e4 c5 2. Nf3 Qc7 3. Nc3 e6 4. d4 cxd4 5. Nxd4 a6 6. Be2 Nf6 7. f3 Nc6 8. Be3
b5 9. a3 Bb7 10. O-O Bc5 11. Qd2 Qb6 12. Rfd1 e5 13. Nf5 Bxe3+ 14. Qxe3 Qxe3+
15. Nxe3 Nd4 16. Rd2 O-O 17. Bf1 g6 18. Ne2 Nxe2+ 19. Bxe2 Rfd8 20. c4 Bc6 21.
Nd5 Bxd5 22. cxd5 Rdc8 23. b4 Rab8 24. a4 Kg7 25. axb5 axb5 26. Ra5 Rc7 27. Kf2
h5 28. Ke3 h4 29. g3 hxg3 30. hxg3 Rc3+ 31. Rd3 Rc2 32. Rb3 Nh5 33. Bxb5 Nxg3
34. Bxd7 Rh8 35. Kd3 Rhh2 36. Rc3 Rhd2+ 37. Kc4 Rd4+ 38. Kb3 Rf2 39. Bb5 f5 40.
exf5 Nxf5 41. Ra7+ Kh6 42. Bc6 Rf4 43. b5 Nd4+ 44. Ka3 Ne2 45. Re3 Nc1 46. Re4
R2xf3+ 47. Kb2 Nd3+ 48. Kc2 Rxe4 49. d6 Nb4+ 50. Kd2 Rd4+ 51. Ke2 Rc3 52. d7
Nxc6 53. Rc7 Rc2+ 54. Ke3 Nb4 0-1

[Event "Ontario op U2100"]
[Site "Oakville CAN"]
[Date "2019.05.18"]
[Round "2.20"]
[White "Dong, Yiwei"]
[Black "Dela Torre, Marife O"]
[Result "0-1"]
[WhiteElo "1802"]
[BlackElo "2073"]
[PlyCount "69"]
[EventDate "2019.05.18"]
[EventType "swiss"]
[EventRounds "3"]
[EventCountry "CAN"]

1. d4 d5 2. Nf3 Nf6 3. Bf4 g6 4. e3 Bg7 5. Nbd2 O-O 6. Be2 c5 7. c3 b6 8. O-O
Nc6 9. h3 Bb7 10. Bb5 a6 11. Bxc6 Bxc6 12. Ne5 Bb7 13. Qb3 c4 14. Qc2 Ne8 15.
e4 f6 16. Nef3 dxe4 17. Nxe4 Qd5 18. Rfe1 h6 19. Qe2 b5 20. Rad1 Bc8 21. Ng3
Rf7 22. Qe4 Qxe4 23. Nxe4 g5 24. Bd2 Nc7 25. Nc5 Bf8 26. Re2 h5 27. h4 g4 28.
Ne1 e5 29. Ne4 exd4 30. cxd4 Nd5 31. Nc2 Bf5 32. Rde1 a5 33. f3 Bh7 34. Ne3 Nf4
35. fxg4 0-1

[Event "Ontario op U2100"]
[Site "Oakville CAN"]
[Date "2019.05.18"]
[Round "2.21"]
[White "Brajkovic, Nikola"]
[Black "Hua, Michelle"]
[Result "1-0"]
[WhiteElo "2030"]
[BlackElo "1792"]
[PlyCount "91"]
[EventDate "2019.05.18"]
[EventType "swiss"]
[EventRounds "3"]
[EventCountry "CAN"]

1. e4 c5 2. Nc3 d6 3. f4 Nc6 4. Nf3 Nf6 5. d4 cxd4 6. Nxd4 g6 7. Be2 Bg7 8. Be3
O-O 9. Qd2 Bd7 10. O-O a6 11. Bf3 Qc7 12. Rac1 Rac8 13. h3 Na5 14. Be2 Nc4 15.
Bxc4 Qxc4 16. Qd3 Qxd3 17. cxd3 Bc6 18. Rc2 Nd7 19. Nxc6 Rxc6 20. Rcc1 Rfc8 21.
d4 Rc4 22. e5 dxe5 23. dxe5 f6 24. Rcd1 Nb8 25. Nd5 Re8 26. Nxe7+ Rxe7 27. Rd8+
Kf7 28. Rxb8 Rc2 29. Bd4 Rc4 30. Bc3 b5 31. a3 Rc6 32. g3 fxe5 33. fxe5+ Ke6
34. Bb4 Ra7 35. Re8+ Kd5 36. Rd1+ Ke4 37. Bc3 Bh6 38. Rd4+ Kf3 39. Kh2 Ke2 40.
Rd6 Rxd6 41. exd6+ Kf3 42. Re7 Ra8 43. Rxh7 Bf8 44. d7 Bd6 45. Rf7+ Ke2 46. Ba5
1-0

[Event "Ontario op U2100"]
[Site "Oakville CAN"]
[Date "2019.05.18"]
[Round "2.22"]
[White "Liu, Henry"]
[Black "Gilani, Mysha"]
[Result "1-0"]
[WhiteElo "1985"]
[BlackElo "1763"]
[PlyCount "97"]
[EventDate "2019.05.18"]
[EventType "swiss"]
[EventRounds "3"]
[EventCountry "CAN"]

1. c4 e5 2. g3 Nc6 3. Bg2 d6 4. Nc3 Nf6 5. d3 Be6 6. Nf3 Be7 7. O-O O-O 8. a3
a5 9. Ng5 h6 10. Nxe6 fxe6 11. Bh3 Qd7 12. e3 Rae8 13. d4 exd4 14. exd4 d5 15.
Re1 Bd8 16. Ne2 Qf7 17. c5 e5 18. Be3 Ne4 19. Rf1 Bg5 20. f4 exf4 21. Bxf4 Bxf4
22. Rxf4 Qh5 23. Rxf8+ Rxf8 24. Nf4 Qg5 25. Be6+ Kh8 26. Qg4 Qxg4 27. Bxg4 Kh7
28. Rd1 g5 29. Nxd5 Kg7 30. Nxc7 Rf7 31. Ne6+ Kg6 32. Be2 Kf6 33. Rf1+ Ke7 34.
Rxf7+ Kxf7 35. d5 Ne5 36. Nd8+ Ke7 37. Nxb7 Kd7 38. c6+ Kc7 39. Nxa5 Kd6 40.
Nc4+ Nxc4 41. Bxc4 Nd2 42. b3 Nf3+ 43. Kg2 Ne5 44. a4 Nxc4 45. bxc4 Kc7 46. a5
Kd6 47. c5+ Kc7 48. a6 Kc8 49. a7 1-0

[Event "Ontario op U2100"]
[Site "Oakville CAN"]
[Date "2019.05.18"]
[Round "2.23"]
[White "Sharma, Vishruth"]
[Black "Gao, Raymond"]
[Result "0-1"]
[WhiteElo "1772"]
[BlackElo "1853"]
[PlyCount "80"]
[EventDate "2019.05.18"]
[EventType "swiss"]
[EventRounds "3"]
[EventCountry "CAN"]

1. e4 c5 2. Nf3 d6 3. d4 Nf6 4. Nc3 cxd4 5. Nxd4 a6 6. f3 e5 7. Nb3 Be7 8. Be3
Be6 9. Qd2 Nbd7 10. O-O-O O-O 11. g4 b5 12. g5 b4 13. Ne2 Ne8 14. h4 a5 15. Kb1
Nc7 16. Ng3 d5 17. Nf5 d4 18. Bf2 a4 19. Nc1 Rb8 20. f4 Nc5 21. Bd3 b3 22. cxb3
axb3 23. a3 Na4 24. fxe5 Bxa3 25. bxa3 Nc3+ 26. Kb2 Na4+ 27. Kb1 b2 28. Nxd4
bxc1=Q+ 29. Kxc1 Qe7 30. Nc2 Rfc8 31. Qa5 Bb3 32. Kd2 Rd8 33. Rb1 Rb5 34. Qa7
Qxe5 35. Nd4 Ra8 36. Nxb5 Rxa7 37. Nxa7 Qc3+ 38. Ke2 Nb2 39. Bb5 Nxb5 40. Rhc1
Bc4# 0-1

[Event "Ontario op U2100"]
[Site "Oakville CAN"]
[Date "2019.05.18"]
[Round "2.24"]
[White "Milinkovic, Mate"]
[Black "Yuen, Noah"]
[Result "1/2-1/2"]
[WhiteElo "1851"]
[BlackElo "1716"]
[PlyCount "82"]
[EventDate "2019.05.18"]
[EventType "swiss"]
[EventRounds "3"]
[EventCountry "CAN"]

1. e4 c5 2. Nc3 a6 3. g3 b5 4. Bg2 Bb7 5. d3 Nf6 6. a3 e6 7. Nf3 d5 8. exd5
Nxd5 9. Ne4 Be7 10. O-O O-O 11. Bd2 Nc6 12. Qe2 Rc8 13. c4 Nf6 14. cxb5 axb5
15. Rac1 Nd4 16. Nxd4 Bxe4 17. dxe4 cxd4 18. Bg5 h6 19. Bxf6 Bxf6 20. Qd3 Qb6
21. f4 e5 22. Bh3 Rxc1 23. Rxc1 Qb8 24. fxe5 Bxe5 25. b4 Bf6 26. Rc5 Rd8 27.
Rxb5 Qd6 28. Rc5 Bg5 29. Rd5 Be3+ 30. Kg2 Qf6 31. Rxd8+ Qxd8 32. Qc4 Qf6 33.
Qc8+ Kh7 34. Qf5+ Qxf5 35. Bxf5+ g6 36. Bg4 Kg7 37. a4 Kf6 38. Be2 Ke5 39. Bd3
Bd2 40. b5 Ba5 41. Kf3 h5 1/2-1/2